00845nam a22002417a 45000010005000000030006000050050017000110080041000280200018000690400029000870500014001160820016001301000022001462450088001682600037002563000049002934900016003425050008003585200146003665210029005125210020005416500042005615544FISKH20241217114305.0241217b cb ||||| |||| 00| 0 eng d a9781606310588 aFISKHbengcFISKHdFISKH aBL783.B79 a398.2093801 aBryant, Megan E.  aOh my gods! : ba look-it-up guide to the gods of mythology / cby Megan E. Bryant aNew York : bScholastic ;c2010. a128 pages :bcolor illustrations ;c24 cm .  aMythlopedia aS  aPresents a guide to Greek mythology, providing profiles of gods and goddesses along with information on monsters, heroes, and the underworld.8 a800 bLexile estimate 8 aS bRaz-Plus  aMythology, GreekvJuvenile literature